| 000 | 00449nam a22001217a 4500 | ||
|---|---|---|---|
| 040 | _cSY | ||
| 082 | _a630 | ||
| 100 | _aជួង សុផល | ||
| 245 | _aSustainable agriculture oon crops farming systems one weaek training, កសិកម្មសមស្របស្ដីពីប្រព័ន្ធដាំដំណាំរយៈពេលមួយសប្ដាហ៍ | ||
| 260 |
_aRUA _bជួង _cNA |
||
| 300 | _a26p. | ||
| 942 | _cKB | ||
| 999 |
_c9796 _d9796 |
||